[Event "Spring Time Tourney"]
[Site "SchemingMind.com"]
[Date "2019.07.11"]
[Round "-"]
[White "Mitch The Man"]
[Black "Goz"]
[Result "0-1"]
[WhiteCountry "USA"]
[BlackCountry "ENG"]
[WhiteElo "1385"]
[WhiteRD "68"]
[BlackElo "1619"]
[BlackRD "77"]
[GameID "443303"]

1. e4 c6 2. d4 d5 3. Nd2 e6 4. e5 Bb4 5. c3 Ba5 6. Be2 Ne7 7. Nb3 Bb6 8. Nf3 h6 9. O-O O-O 10. Bd3 f5
11. Bd2 Ng6 12. Qc1 Nh4 13. Nxh4 Qxh4 14. Bf4 g5 15. Bg3 Qh5 16. Be2 g4 17. Qd2 Nd7 18. Bf4 Kh7 19. h3 Rf7 20. Nc1 Qg6
21. hxg4 h5 22. gxh5 Qg8 23. Bf3 Bd8 24. b4 Be7 25. Ne2 Bf8 26. Ng3 Bg7 27. Kh2 Nf8 28. Rh1 Kh8 29. Kg1 Nh7 30. a4 Bf8
31. Rh3 Be7 32. a5 Ng5 33. Rh2 Rg7 34. h6 Rh7 35. Be2 Qg6 36. Bh5 Qxh6 37. Qe2 Qg7 38. Bf3 Bd7 39. Rxh7+ Qxh7 40. Nh5 Rg8
41. Kf1 Be8 42. Ke1 Ne4 43. Ra3 Bxh5 44. Bxh5 Rxg2
0-1

[Event "Spring Time Tourney"]
[Site "SchemingMind.com"]
[Date "2019.07.11"]
[Round "-"]
[White "Goz"]
[Black "Mitch The Man"]
[Result "1-0"]
[WhiteCountry "ENG"]
[BlackCountry "USA"]
[WhiteElo "1585"]
[WhiteRD "80"]
[BlackElo "1398"]
[BlackRD "67"]
[GameID "443304"]

1. e4 c6 2. d4 d5 3. Nd2 e6 4. e5 Be7 5. Ngf3 Nh6 6. Nb3 O-O 7. Bxh6 gxh6 8. Bd3 b6 9. c3 Kh8 10. Qc2 Rg8
11. g3 Bf8 12. Bxh7 Rg7 13. Bd3 f6 14. O-O-O Bd7 15. Nh4 Be8 16. f4 fxe5 17. dxe5 Bf7 18. Bg6 Be7 19. Bxf7 Bxh4 20. gxh4 Rxf7
21. Qg6 Rg7 22. Qxh6+ Rh7 23. Qxe6 Rg7 24. h5 Qf8 25. f5 a5 26. Qh6+ Rh7 27. Qxf8#
1-0

[Event "Spring Time Tourney"]
[Site "SchemingMind.com"]
[Date "2019.07.08"]
[Round "-"]
[White "Mitch The Man"]
[Black "Chessibelle"]
[Result "1-0"]
[WhiteCountry "USA"]
[BlackCountry "ENG"]
[WhiteElo "1391"]
[WhiteRD "64"]
[BlackElo "1151"]
[BlackRD "56"]
[GameID "443305"]

1. e4 c6 2. d4 d5 3. Nd2 e6 4. e5 g6 5. a3 Bg7 6. Bd3 Qb6 7. Nb3 Ne7 8. Nc5 O-O 9. Qd2 Nf5 10. Bxf5 exf5
11. Ne2 h6 12. O-O Qc7 13. f4 Qe7 14. Qe1 b6 15. Nd3 f6 16. Rf3 g5 17. exf6 Bxf6 18. Ne5 Qe8 19. fxg5 hxg5 20. Nd3 Kf7
21. Qd1 Rh8 22. Ng3 Bxd4+ 23. Kh1 Nd7 24. Rxf5+ Kg6 25. Nf4+ Kg7 26. Qxd4+ Kh7 27. Rxg5 Qe7 28. Rh5+ Kg8 29. Qxh8+ Kf7 30. Rh7#
1-0

[Event "Spring Time Tourney"]
[Site "SchemingMind.com"]
[Date "2019.07.08"]
[Round "-"]
[White "Chessibelle"]
[Black "Mitch The Man"]
[Result "0-1"]
[WhiteCountry "ENG"]
[BlackCountry "USA"]
[WhiteElo "1151"]
[WhiteRD "56"]
[BlackElo "1391"]
[BlackRD "64"]
[GameID "443306"]

1. e4 c6 2. d4 d5 3. Nd2 e6 4. Ngf3 Be7 5. Be2 Nh6 6. h3 O-O 7. O-O Nd7 8. c3 b5 9. b4 Nf6 10. Ne5 Bb7
11. Ndf3 Nxe4 12. Qd3 a6 13. Qb1 Nxc3 14. Qd3 Nxe2+ 15. Qxe2 Bxb4 16. a3 Bc3 17. Ra2 Ba5 18. Qd3 Bc7 19. Ng5 g6 20. g4 Bxe5
21. dxe5 Kg7 22. h4 Nxg4 23. Qd2 Nxe5 24. Nh3 Nf3+ 25. Kg2 Nxd2 26. Bxd2 Qf6 27. Bg5 Qd4 28. f3 h6 29. Be7 Rfe8 30. Bb4 Qxh4
31. Be1 Qc4 32. Re2 Qxe2+ 33. Nf2 d4 34. Kg3 Qxf1
0-1

[Event "Spring Time Tourney"]
[Site "SchemingMind.com"]
[Date "2019.07.09"]
[Round "-"]
[White "Mitch The Man"]
[Black "capablanca"]
[Result "1/2-1/2"]
[WhiteCountry "USA"]
[BlackCountry "GER"]
[WhiteElo "1391"]
[WhiteRD "64"]
[BlackElo "1678"]
[BlackRD "62"]
[GameID "443313"]

1. e4 c6 2. d4 d5 3. Nd2 dxe4 4. Nxe4 Bf5 5. Ng3 Bg6 6. c3 e6 7. Bd3 Bxd3 8. Qxd3 Nf6 9. Qf3 Nbd7 10. N1e2 Be7
11. O-O O-O 12. b4 Nb6 13. a4 Nbd5 14. Bb2 a5 15. b5 cxb5 16. axb5 b6 17. Ne4 Rc8 18. Nxf6+ Bxf6 19. g3 Qd7 20. Ba3 Rfe8
21. Rab1 Rc4 22. Rfc1 Rec8 23. Rb3 Nc7 24. Qb7 h6 25. Qxb6 a4 26. Rbb1 Nd5 27. Qa6 Nxc3 28. Nxc3 Rxc3 29. Rxc3 Rxc3 30. Qa8+ Kh7
31. Qe4+ g6 32. Bb4 Rc4 33. Bc5 Bxd4 34. Bxd4 Rxd4 35. Qe1 Qb7 36. Qc1 Rd6 37. Qa3 Rb6=
1/2-1/2

[Event "Spring Time Tourney"]
[Site "SchemingMind.com"]
[Date "2019.07.09"]
[Round "-"]
[White "capablanca"]
[Black "Mitch The Man"]
[Result "1/2-1/2"]
[WhiteCountry "GER"]
[BlackCountry "USA"]
[WhiteElo "1678"]
[WhiteRD "62"]
[BlackElo "1391"]
[BlackRD "64"]
[GameID "443314"]

1. e4 c6 2. d4 d5 3. Nd2 Be6 4. g3 Nd7 5. Bg2 Qc7 6. e5 O-O-O 7. Ngf3 h6 8. Nb3 Kb8 9. Be3 f6 10. Nc5 Nxc5
11. dxc5 fxe5 12. O-O g5 13. Qe2 Nf6 14. Bd2 Ne4 15. b4 Nxd2 16. Qxd2 Bg7 17. Rfe1 e4 18. Nd4 Qd7 19. Rab1 Bf7 20. a4 Ka8
21. b5 Bxd4 22. Qxd4 Rhg8 23. bxc6 Qxc6 24. Rb5 Be6 25. Reb1 Bc8 26. a5 g4 27. a6 Rd7 28. axb7+ Rxb7 29. Rxb7 Bxb7 30. c4 e6
31. Qf6 Qxc5 32. Qxe6 Rc8 33. cxd5 Rf8 34. Bxe4 Qxf2+ 35. Kh1 Qe2 36. Bg2 Qxe6 37. dxe6 Bxg2+ 38. Kxg2 Re8 39. Rb4= Rxe6 40. Rxg4 a5
41. Ra4 Re5 42. g4 Ka7 43. Kf3 Ka6 44. Kf4 Rc5 45. h4 Kb5 46. Ra1 a4 47. g5 hxg5+ 48. hxg5 Rc4+ 49. Kf5 Rc5+ 50. Kf6 Rc6+
51. Kf7 Rc7+ 52. Kf6=
1/2-1/2

[Event "Spring Time Tourney"]
[Site "SchemingMind.com"]
[Date "2019.07.09"]
[Round "-"]
[White "capablanca"]
[Black "grabapawn"]
[Result "1-0"]
[WhiteCountry "GER"]
[BlackCountry "USA"]
[WhiteElo "1678"]
[WhiteRD "62"]
[BlackElo "1503"]
[BlackRD "51"]
[GameID "443315"]

1. e4 c6 2. d4 d5 3. Nd2 Nf6 4. e5 Ne4 5. Nxe4 dxe4 6. h3 Bf5 7. Ne2 e6 8. Ng3 Bg6 9. c3 Nd7 10. Qg4 h5
11. Qf4 Be7 12. Nxe4 f6 13. exf6 Nxf6 14. Nxf6+ Bxf6 15. Bc4 Qe7 16. O-O O-O-O 17. Re1 Bf7 18. Bd2 g5 19. Qe4 Rd6 20. Re2 g4
21. Rae1 gxh3 22. Bxe6+ Rxe6 23. Qf5 Kd8 24. Rxe6 h2+ 25. Kxh2 Bxe6 26. Qa5+ Kc8 27. Qxa7 Rd8 28. Qa8+ Kc7 29. Bf4+ Kb6 30. Qa4 Qd7
31. b4
1-0

[Event "Spring Time Tourney"]
[Site "SchemingMind.com"]
[Date "2019.07.09"]
[Round "-"]
[White "grabapawn"]
[Black "capablanca"]
[Result "1-0"]
[WhiteCountry "USA"]
[BlackCountry "GER"]
[WhiteElo "1503"]
[WhiteRD "51"]
[BlackElo "1678"]
[BlackRD "62"]
[GameID "443316"]

1. e4 c6 2. d4 d5 3. Nd2 dxe4 4. Nxe4 Bf5 5. Ng3 Bg6 6. Bf4 Nf6 7. Nf3 Nd5 8. Bd2 e6 9. Ne5 Nd7 10. Nxg6 hxg6
11. Bd3 Bd6 12. Ne4 N7f6 13. Nxf6+ gxf6 14. g3 Qb6 15. c3 O-O-O 16. Qc2 e5 17. Rb1 exd4 18. c4 Rde8+ 19. Kf1 Nb4 20. Bxb4 Qxb4
21. a3 Qb6 22. b4 Qd8 23. c5 Bc7 24. b5 Qd5 25. Kg1 Ba5 26. bxc6 Qxc6 27. Bb5 Qd5 28. Bxe8 Rxe8 29. h4 d3 30. Qa4 Re1+
31. Rxe1
1-0

[Event "Spring Time Tourney"]
[Site "SchemingMind.com"]
[Date "2019.07.09"]
[Round "-"]
[White "capablanca"]
[Black "Shanks"]
[Result "1-0"]
[WhiteCountry "GER"]
[BlackCountry "ENG"]
[WhiteElo "1683"]
[WhiteRD "64"]
[BlackElo "1274"]
[BlackRD "69"]
[GameID "443317"]

1. e4 c6 2. d4 d5 3. Nd2 e6 4. g3 Ne7 5. Bg2 Qc7 6. e5 Nf5 7. Ngf3 Be7 8. Nb3 O-O 9. Bg5 Bb4+ 10. c3 Be7
11. O-O b6 12. Qd2 Ba6 13. Rfe1 Bxg5 14. Qxg5 g6 15. h4 h6 16. Qd2 Kg7 17. Bf1 Bb7 18. g4 Ne7 19. Qf4 Nd7 20. h5 g5
21. Nxg5 hxg5 22. Qxg5+ Ng6 23. hxg6 fxg6 24. Bd3 Rh8 25. Bxg6 Nf8 26. Be8+ Ng6 27. Qxg6+ Kf8 28. Qf6+ Kxe8 29. Qxh8+ Kd7 30. Qg7+ Kc8
31. Qxc7+ Kxc7 32. Kg2 Rg8 33. Kg3 Bc8 34. Rh1 Bd7 35. Rh7 a5 36. Rah1 c5 37. dxc5 a4 38. cxb6+ Kxb6 39. Rxd7 axb3 40. axb3 Kc5
41. Rd6 Rg5 42. Rxe6 d4 43. cxd4+ Kd5 44. Rd6+ Ke4 45. Re1+
1-0

[Event "Spring Time Tourney"]
[Site "SchemingMind.com"]
[Date "2019.07.09"]
[Round "-"]
[White "Shanks"]
[Black "capablanca"]
[Result "0-1"]
[WhiteCountry "ENG"]
[BlackCountry "GER"]
[WhiteElo "1274"]
[WhiteRD "69"]
[BlackElo "1683"]
[BlackRD "64"]
[GameID "443318"]

1. e4 c6 2. d4 d5 3. Nd2 dxe4 4. Nxe4 Bf5 5. Nc3 Nf6 6. h3 e6 7. a3 Nbd7 8. Nf3 Nd5 9. Na2 N7f6 10. Ne5 Bd6
11. Be2 Qc7 12. c4 Ne7 13. c5 Bxe5 14. dxe5 Qxe5 15. b4 Rd8 16. Bd2 Ne4 17. O-O Nxd2 18. Re1 Nf3+ 19. Bxf3 Rxd1 20. Raxd1 Qb2
21. Re2 Qxa3 22. Red2 Nd5 23. Bxd5 cxd5 24. Nc1 Qxb4 25. Ne2 O-O 26. Nd4 Bg6 27. Nf3 Qxc5 28. Ne5 b5 29. Nd7 Qd6 30. Nxf8 Kxf8
31. Ra2 a6 32. Re1 Bd3 33. Rd2 Bc4 34. Rd4 a5 35. Ra1 a4 36. Rc1 a3 37. Ra1 a2 38. f3 Qc5 39. Kh2 Qxd4
0-1

[Event "Spring Time Tourney"]
[Site "SchemingMind.com"]
[Date "2019.07.09"]
[Round "-"]
[White "capablanca"]
[Black "Phillip Beckett"]
[Result "1-0"]
[WhiteCountry "GER"]
[BlackCountry "ENG"]
[WhiteElo "1678"]
[WhiteRD "62"]
[BlackElo "1505"]
[BlackRD "47"]
[GameID "443319"]

1. e4 c6 2. d4 d5 3. Nd2 dxe4 4. Nxe4 Nd7 5. Nf3 Ngf6 6. Bd3 Nxe4 7. Bxe4 Nf6 8. Bd3 Bg4 9. Be3 e6 10. c3 Be7
11. O-O Nd5 12. Bd2 O-O 13. h3 Bxf3 14. Qxf3 Nf6 15. Rfe1 Rc8 16. Bf4 Nd5 17. Qe4 Nf6 18. Qf3 Nd5 19. Be5 Bf6 20. Qe4 g6
21. a3 Bxe5 22. Qxe5 Qf6 23. Qxf6 Nxf6 24. Rad1 Nd5 25. Bc2 Nf4 26. c4 Rfd8 27. Re4 Nh5 28. Kf1 Nf6 29. Rf4 Nh5 30. Rf3 f5
31. Re3 Rd6 32. c5 Rd5 33. Rxe6 Rc7 34. Bb3 Ng7 35. Rd6 Kf8 36. Bxd5 cxd5 37. Rxd5 Ne6 38. Re5
1-0

[Event "Spring Time Tourney"]
[Site "SchemingMind.com"]
[Date "2019.07.09"]
[Round "-"]
[White "Phillip Beckett"]
[Black "capablanca"]
[Result "0-1"]
[WhiteCountry "ENG"]
[BlackCountry "GER"]
[WhiteElo "1505"]
[WhiteRD "47"]
[BlackElo "1678"]
[BlackRD "62"]
[GameID "443320"]

1. e4 c6 2. d4 d5 3. Nd2 dxe4 4. Nxe4 Bf5 5. Ng3 Bg6 6. Nf3 Nf6 7. c3 e6 8. Bd3 Bxd3 9. Qxd3 Nbd7 10. O-O Be7
11. Bg5 O-O 12. Rad1 Nd5 13. Bxe7 Qxe7 14. Rfe1 N7f6 15. Ne5 Qc7 16. Ne4 Nxe4 17. Rxe4 Nf6 18. Re3 Rad8 19. Rg3 c5 20. Qe3 Rd5
21. Qg5 Ne8 22. Qg4 cxd4 23. cxd4 f5 24. Qf3 Nf6 25. Qe2 Ne4 26. Re3 Rfd8 27. f3 Ng5 28. Rc3 Qd6 29. h4 Nf7 30. Nxf7 Kxf7
31. Re3 Rxd4 32. Rxd4 Qxd4 33. h5 f4
0-1

[Event "Spring Time Tourney"]
[Site "SchemingMind.com"]
[Date "2019.07.11"]
[Round "-"]
[White "capablanca"]
[Black "Goz"]
[Result "1-0"]
[WhiteCountry "GER"]
[BlackCountry "ENG"]
[WhiteElo "1731"]
[WhiteRD "64"]
[BlackElo "1578"]
[BlackRD "75"]
[GameID "443321"]

1. e4 c6 2. d4 d5 3. Nd2 e6 4. Ngf3 dxe4 5. Nxe4 b5 6. Bd3 Be7 7. Bf4 Nd7 8. Nd6+ Bxd6 9. Bxd6 Nb6 10. Be5 Nf6
11. O-O Nbd5 12. a3 O-O 13. c4 bxc4 14. Bxc4 Ng4 15. Bg3 Nde3 16. fxe3 Nxe3 17. Qd3 Nf5 18. Be5 f6 19. Bf4 Kh8 20. Qc3 h6
21. Rad1 Kh7 22. Rfe1 Re8 23. Bd3 g6 24. Qxc6 Bd7 25. Qc7 Ne7 26. Qxd8 Rexd8 27. Rc1 Nd5 28. Bg3 h5 29. Bc4 Bc6 30. Rxe6 Bb7
31. Bxd5 Bxd5 32. Rxf6 Bxf3 33. Rxf3 Rxd4 34. Rf7+ Kg8 35. Rb7 a5 36. Rb8+ Rxb8 37. Bxb8 Rd2 38. Be5 Rd5 39. Bc3 a4 40. Re1 Kf7
41. Re4 g5 42. Rxa4 Ke6 43. Ra6+ Kf5 44. Ra5 Ke4 45. Rxd5 Kxd5 46. h3 Kc4 47. a4 Kc5 48. b4+ Kc4 49. Bd2 g4 50. hxg4 hxg4
51. Kf2
1-0

[Event "Spring Time Tourney"]
[Site "SchemingMind.com"]
[Date "2019.07.11"]
[Round "-"]
[White "Goz"]
[Black "capablanca"]
[Result "0-1"]
[WhiteCountry "ENG"]
[BlackCountry "GER"]
[WhiteElo "1578"]
[WhiteRD "75"]
[BlackElo "1731"]
[BlackRD "64"]
[GameID "443322"]

1. e4 c6 2. d4 d5 3. Nd2 dxe4 4. Nxe4 Bf5 5. Nc5 b6 6. Na4 Nf6 7. c3 e6 8. Ne2 Nbd7 9. Ng3 Bg6 10. Be2 Bd6
11. O-O b5 12. Nc5 Nxc5 13. dxc5 Bxc5 14. Be3 Bxe3 15. fxe3 O-O 16. Qe1 Qb6 17. Bf3 Rac8 18. b4 Rcd8 19. Kh1 Rd3 20. Rf2 Rxe3
21. Re2 Rxe2 22. Qxe2 Rd8 23. Rd1 Rxd1+ 24. Qxd1 h6 25. Ne2 Ne4 26. Bxe4 Bxe4 27. Ng3 Bd5 28. Qa1 Qf2 29. Qg1 Qxg1+ 30. Kxg1 Bxa2
31. Ne2 e5 32. Kf2 f5 33. h4 g5 34. Ng3 Bb1 35. hxg5 hxg5 36. Kf3 Kf7 37. Ne2 Kf6 38. Nc1 Be4+ 39. Kf2 Bd5 40. g3 Bc4
41. Ke3 f4+ 42. gxf4 exf4+ 43. Kf3 Kf5 44. Ne2 Bxe2+ 45. Kxe2 Ke4 46. Kf2 g4 47. Ke2 g3 48. Kf1 f3 49. Ke1 Kd3 50. c4 Kxc4
51. Kf1 Kxb4
0-1

[Event "Spring Time Tourney"]
[Site "SchemingMind.com"]
[Date "2019.07.09"]
[Round "-"]
[White "capablanca"]
[Black "Chessibelle"]
[Result "1-0"]
[WhiteCountry "GER"]
[BlackCountry "ENG"]
[WhiteElo "1678"]
[WhiteRD "62"]
[BlackElo "1151"]
[BlackRD "56"]
[GameID "443323"]

1. e4 c6 2. d4 d5 3. Nd2 e6 4. e5 Ne7 5. g3 g6 6. Bg2 Bg7 7. Ndf3 O-O 8. Ne2 a6 9. Bg5 Nd7 10. O-O f6
11. exf6 Nxf6 12. Ne5 b5 13. Nc1 h6 14. Bd2 Qb6 15. c3 g5 16. Ncd3 Bb7 17. Nc5 Bc8 18. Qc2 Rd8 19. Bh3 Rd6 20. Rfe1 Qd8
21. Ng6 Qe8 22. Nxe7+ Qxe7 23. Re2 Qf7 24. Rae1 g4 25. Bf1 h5 26. Re3 Kf8 27. Bd3 Bh6 28. Bg6 Qg8 29. R3e2 Bg7 30. Bf4 Rd8
31. Nxe6+ Ke7 32. Nxg7+ Kf8 33. Ne6+ Ke7 34. Nc7+ Kf8 35. Bh6+ Qg7 36. Bxg7+ Kxg7 37. Re7+ Kf8 38. Nxa8
1-0

[Event "Spring Time Tourney"]
[Site "SchemingMind.com"]
[Date "2019.07.09"]
[Round "-"]
[White "Chessibelle"]
[Black "capablanca"]
[Result "1-0"]
[WhiteCountry "ENG"]
[BlackCountry "GER"]
[WhiteElo "1151"]
[WhiteRD "56"]
[BlackElo "1678"]
[BlackRD "62"]
[GameID "443324"]

1. e4 c6 2. d4 d5 3. Nd2 dxe4 4. Nxe4 Bf5 5. Bd3 Bxe4 6. Bxe4 Nf6 7. Bf3 e6 8. Ne2 Nbd7 9. O-O Be7 10. c3 O-O
11. a3 Nb6 12. Bf4 Nfd5 13. Bg3 Bd6 14. Be4 Bxg3 15. Nxg3 Nf6 16. b4 Nxe4 17. Nxe4 Nc4 18. Qc2 Qh4 19. Qe2 Nb6 20. f3 Nd5
21. Rf2 Nf4 22. Qe3 Nd5 23. Qe2 a5 24. b5 Rfe8 25. h3 f5 26. Nc5 Nxc3 27. Qe5 Nxb5 28. Nxe6 Nxd4 29. Qxg7#
1-0